| 000 | 00839nam a2200229 a 4500 | ||
|---|---|---|---|
| 001 | 12827 | ||
| 003 | BD-JhCC | ||
| 005 | 20230517102026.0 | ||
| 008 | 230517s19971996b a|||| |||| 000 0 be d | ||
| 035 | _a(BD-JhCC)17617 | ||
| 040 |
_aBD-JhCC _dBD-JhCC |
||
| 041 | _aben | ||
| 082 |
_a923.1 _bSAP 1997 |
||
| 100 | _aস্বপন, শফিকুল ইসলাম | ||
| 245 |
_aএক মুক্তিযোদ্ধার জীবনযাপন / _cশফিকুল ইসলাম স্বপন |
||
| 250 | _a২য় সংস্করণ, | ||
| 260 |
_aঢাকা : _bরে মিডিয়া হাউস, _c১৯৯৭ |
||
| 300 |
_a১৪০ পৃ. : _bচিত্রবলী সংযোজিত, _c২১ সেমি. |
||
| 650 | _aBiography | ||
| 650 | _aLife style of Muktijoddha | ||
| 942 |
_2ddc _cBK |
||
| 999 |
_c12827 _d12827 |
||